|
|
|
|
| LEADER |
00000nam0a2200000 4500 |
| 001 |
379179 |
| 005 |
20231121095836.0 |
| 010 |
|
|
|a 978-5-16-010565-9
|
| 035 |
|
|
|a (RuTPU)RU\TPU\retro\36641
|
| 035 |
|
|
|a RU\TPU\book\335087
|
| 090 |
|
|
|a 379179
|
| 100 |
|
|
|a 20230710d2023 m y0rusy50 ca
|
| 101 |
0 |
|
|a rus
|
| 102 |
|
|
|a RU
|
| 105 |
|
|
|a a j 001yy
|
| 181 |
|
0 |
|a i
|b e
|
| 182 |
|
0 |
|a n
|
| 183 |
|
0 |
|a nc
|2 RDAcarrier
|
| 200 |
1 |
|
|a Техника высоких напряжений
|e учебник
|f В. Ф. Важов, В. А. Лавринович
|
| 203 |
|
|
|a Текст
|b визуальный
|c непосредственный
|
| 210 |
|
|
|a Москва
|c Инфра-М
|d 2023
|
| 215 |
|
|
|a 261 с.
|c ил.
|
| 225 |
1 |
|
|a Высшее образование - Бакалавриат
|
| 283 |
|
|
|a volume
|2 RDAcarrier
|
| 320 |
|
|
|a Библиография в конце глав
|
| 330 |
|
|
|a Изложены основы техники высоких напряжений применительно к электроэнергетике. Освещены физические аспекты электроразрядных процессов в газообразных, жидких, твердых и комбинированных диэлектриках. Описаны конструкции внешней изоляции линий электропередачи и подстанций; рассмотрены основные принципы построения изоляции оборудования высокого напряжения (силовых трансформаторов, высоковольтных конденсаторов, кабелей, электрических машин, коммутационных аппаратов); кратко освещены вопросы назначения и построения высоковольтных испытательных установок, испытания и измерения, а также описаны внутренние и атмосферные перенапряжения в электрических системах, меры и средства защиты от них. Предназначен для студентов, обучающихся по направлению «Электроэнергетика», также может быть полезен инженерно-техническим работникам предприятий, энергосистем и проектных институтов.
|
| 606 |
|
|
|a Техника высоких напряжений
|2 stltpush
|3 (RuTPU)RU\TPU\subj\60029
|9 77519
|
| 610 |
1 |
|
|a диэлектрические среды
|
| 610 |
1 |
|
|a электрические разряды
|
| 610 |
1 |
|
|a газы
|
| 610 |
1 |
|
|a разряд в газе
|
| 610 |
1 |
|
|a конденсированные среды
|
| 610 |
1 |
|
|a пробой
|
| 610 |
1 |
|
|a высоковольтное испытательное оборудование
|
| 610 |
1 |
|
|a высоковольтное электрооборудование
|
| 610 |
1 |
|
|a изоляция
|
| 610 |
1 |
|
|a электрические системы
|
| 610 |
1 |
|
|a перенапряжения
|
| 610 |
1 |
|
|a защита
|
| 610 |
1 |
|
|a труды учёных ТПУ
|
| 610 |
1 |
|
|a учебники
|
| 675 |
|
|
|a 621.3.027.3(075.8)
|v 4
|z rus
|
| 700 |
|
1 |
|a Важов
|b В. Ф.
|c специалист в области энергетики
|c доцент Томского политехнического университета, кандидат технических наук
|f 1939-
|g Владислав Фёдорович
|3 (RuTPU)RU\TPU\pers\26506
|4 070
|
| 701 |
|
1 |
|a Лавринович
|b В. А.
|c специалист в области энергетики
|c профессор Томского политехнического университета, доктор технических наук
|f 1948-
|g Валерий Александрович
|3 (RuTPU)RU\TPU\pers\27987
|4 070
|
| 801 |
|
1 |
|a RU
|b 63413507
|c 20151117
|
| 801 |
|
2 |
|a RU
|b 63413507
|c 20230710
|g RCR
|
| 856 |
|
|
|u http://doi.org/10.12737/8530
|
| 942 |
|
|
|c BK
|